000 01040cam a22003014a 4500
999 _c3095
_d3095
001 11806546
003 GBCCL
005 20241126110447.0
008 991008s1999 cau b 000 0 eng
010 _a 99052689
020 _a0830725385
040 _aDLC
_cDLC
_dDLC
042 _apcc
050 0 0 _aBV4529
_b.M34 1999
082 0 0 _a248.8431
_221
_bMAL
100 1 _aMalmin, Glenda,
_d1950-
_96420
245 1 4 _aThe journey of a mother's heart :
_bencouragement for moms /
_cGlenda Malmin.
260 _aVentura, Calif. :
_bRegal Books,
_cc1999.
300 _a154 p. ;
_c22 cm.
504 _aIncludes bibliographical references.
600 0 0 _aMary,
_cBlessed Virgin, Saint
_xMotherhood.
_96421
650 0 _aMothers
_xReligious life.
_95894
650 0 _aMothers in the Bible.
_96422
906 _a7
_bcbc
_corignew
_d1
_eocip
_f19
_gy-gencatlg
942 _2ddc
_cBK
_02